000 00449nam a2200205Ia 4500
999 _c67198
_d67198
003 0100
005 20180228155012.0
008 130303s9999 xx 000 0 und d
040 _cARRUPELIB
050 _aDT791.B7
100 _aBrown, John Tom
_939873
245 _aAmong the Bantu nomads /
260 _aLondon
_bSeeley, Service
_c1926
300 _a272p.
300 _b 22cm.
650 _aTswana (African people)
_939637
942 _2lcc
_cMONOGRAPH